000 00510nam a2200169 i 4500
001 35556
003 ES-MaACL
005 20230906155143.0
007 t|
008 030213s1947 mx ||||1| spa d
100 1 _aBosch García, Carlos.
_930656
245 1 0 _aProblemas diplomáticos del México independiente /
_cCarlos Bosch García.
250 _a[1ª ed.].
260 _aMéxico :
_bEl Colegio de México,
_c[1947] (
_fTalls. Stylo)
300 _a334 p. ;
_c21 cm.
852 _aES-MaACL
_jD-5409
_bR.30213
999 _c35556
_d35556